| 000 | 01482nam2a22002531 4500 | ||
|---|---|---|---|
| 001 | rc\3685270 | ||
| 005 | 20260407083702.0 | ||
| 021 |
_aRU _b[76-6389] |
||
| 035 | _a(NLR Aleph) 007847515 | ||
| 090 |
_a9843570 _c9843570 |
||
| 100 | _a20130115g19741975|||y0rusy50 ca | ||
| 101 | 0 | _arus | |
| 102 | _aRU | ||
| 105 | _ay z ||||| | ||
| 200 | 0 |
_aЧ. 1. Вып. 2. Занятия 10-19 _f[Сост. доц. С.М. Кац] _gКубан. мед. ин-т им. Красной Армии |
|
| 210 |
_d1974 (вып. дан. 1975) _aБ. м. |
||
| 215 | _a132 с. | ||
| 461 | 0 |
_1001rc\3685268 _12001#$aСамообучающее программированное пособие по латинскому языку$fМ-во здрав. РСФСР. Кубан. мед. ин-т им. Красной Армии$vЧ. 1. Вып. 2. Занятия 10-19 _1700#1$aКац$bС.М.$4220 _99843560 _aКац, С.М. _cКраснодар _d1974 _e2-е изд., перераб. Ч. 1- _fМ-во здрав. РСФСР. Кубан. мед. ин-т им. Красной Армии _nБ. и. _tСамообучающее программированное пособие по латинскому языку _vЧ. 1. Вып. 2. Занятия 10-19 |
|
| 712 | 0 | 2 |
_aКубанский медицинский институт им. Красной Армии _cКраснодар _9294391 _3RU\NLR\AUTH\8810881 |
| 801 | 0 |
_aRU _bNLR _gpsbo |
|
| 801 | 1 |
_aRU _bELAR _2rusmarc |
|
| 852 |
_aNLR _j76-3/3098 |
||
| 942 | _cBOOK | ||
| 980 | _aNB | ||